000 00768nam a2200253Ia 4500
001 Para_4004
003 CHAP
008 220125s1943 xx 000 0 und d
010 _a202487
040 _cCHAP
090 _aPA FOLLETO 1400
245 _aSpray calendar for peaches /
_c Prepared by the Departments of Botany, Horticulture and Zoology
260 _aRaleigh, North Carolina :
_b Agricultural Extension Service
300 _a12 p.
440 _aNorth Carolina. Agr. Ext. Ser. Extension circular; 185
_9167720
650 _aDurazno
_x Fumigación
_934601
901 _aPA FOLLETO 1400
902 _aA
905 _a0000001943 RAL 0000000000 00
910 _a1943
942 _cPARA
942 _cPARA
_d1
999 _c202487
_d202487